000 00470nam a2200145 4500
999 _c9889
_d9889
008 180720b ||||| |||| 00| 0 eng d
022 _a2094-8042
082 _aDPer 370.105 M72 June 2010-Mar 2011 v. 59 n. 1-10
100 _929220
_aCañete, Nenita N.
245 _aAno nga ba ang tagumpay/
_cNenita N. Cañete.
260 _aPhilippines;
_bIn The Grade School, Inc.,
_cc2010-2011.
300 _av59 n8, page 342;
_c27cm.
650 0 _929221
_aSuccess.
942 _2ddc
_cPER